000 nam a22 7a 4500
999 _c128545
_d128545
008 181113b xxu||||| |||| 00| 0 eng d
050 _aBV4460.7.K84
100 _aKori, Arkmore
_943329
245 _aPrejudice and practical help
_c/by Arkmore Kori
260 _aHarare :
_bSilveira house,
_c2008.
300 _a47p.;
_c20cm.
650 _aChurch work with Aids patients
_96346
942 _2lcc
_cMONOGRAPH